000 01194cam a2200193 4500500
005 20260322004147.0
041 _afre
042 _adc
100 1 0 _aTadlaoui, Mohamed
_eauthor
245 0 0 _aPsychotrauma et pack
260 _c2006.
500 _a97
520 _aTous les travailleurs de l’usine ont été égorgés par les terroristes la nuit du 5 août 1994 et Assab a été achevé à la hâte à la hache. Coma, opération chirurgicale, il est sauvé et la vie continue avec un nouveau travail, mariage, enfants... En 2003, sa fille de 5 ans décède. Gros chagrin, « commence à s’énerver pour un rien du tout » et quelques mois après (2004) c’est l’état de stress post-traumatique qui s’installe. Chimiothérapie, psychothérapie, trois hospitalisations, sans résultats concrets. Alors je pense à des séances de packing. L’équipe et le malade acceptent. Après trois packs, il dit qu’il est guéri...
690 _apack
690 _apsychotrauma
690 _aTerrorisme
786 0 _nPsy Cause | 46 | 4 | 2006-01-03 | p. 28-32 | 1245-2394
856 4 1 _uhttps://shs.cairn.info/revue-psy-cause-2006-4-page-28?lang=fr&redirect-ssocas=7080
999 _c1737941
_d1737941